000 00547nam a2200241 a 4500
001 nice12345678
003 IN_TiNIC
005 20260116011856.0
008 050524s0000 a grp 000 0 eng
020 _a
_c100
082 0 0 _a225
_bJOH
100 _aJohn, I N
245 _aReference Passage Bible New Testament.
260 _a
_b
_c0000
300 _a1450p
500 _aincludes index and biblioraphy
505 2 _aMaps
650 _aBible-New Testament
700 1 _aJohn, I N
902 _bSRS
942 _cBK
999 _c4628
_d4628